Persian Alphabet Quiz - Statistics

General Stats
  • This quiz has been taken 158 times
  • The average score is 16 of 33
Answer Stats
Letter Name % Correct
ا alef
93%
ب be
89%
پ pe
83%
ت te
83%
ث se
66%
ح he
64%
چ che
63%
ج jim
63%
ر re
60%
د dâl
56%
ز ze
54%
ذ zâl
51%
ژ zhe
49%
ف fe
47%
م mim
46%
ط
44%
ک kâf
43%
ل lâm
43%
ن nun
43%
ه he
41%
ص sâd
41%
و vâv
40%
ی ye
40%
گ gâf
39%
ظ
39%
ض zâd
39%
ع ayn
29%
ق qâf
29%
س seen
29%
ش sheen
29%
ء hamze
26%
خ xe
17%
غ gayn
13%
No matching quizzes found
Score Distribution
Percent of People with Each Score
Percentile by Number Answered
Your Score History
You have not taken this quiz